Language Quiz

Random Language or Letter Quiz

Seven Letter Word Chain Quiz Stats

 Plays Quiz Updated Oct 13, 2016

Challenge
Share
Tweet
Embed
Score 0/18 Timer 06:00
1 Play Today
Clue Word % Correct
Crosswords or word searches, e.g.PUZZLES
84.3%
A female cast memberACTRESS
81.1%
Lionhearted English kingRICHARD
70.3%
The least intelligentDUMBEST
69.2%
Having no brand-nameGENERIC
65.3%
Country entirely inside South AfricaLESOTHO
62.9%
'CHiPs' cop portrayer ErikESTRADA
53.7%
Difficult or steepARDUOUS
53.1%
Not precise at allINEXACT
48.2%
Clue Word % Correct
A substance that causes an immune responseANTIGEN
41.9%
Inflexible or unyieldingADAMANT
38.7%
A person who triesESSAYER
26.8%
Electron discoverer J.J. or Lord Kelvin's surnameTHOMSON
26.4%
One specific item on the scheduleAGENDUM
24.1%
The capital of ArmeniaYEREVAN
23.9%
A position of commanding perspectiveVANTAGE
19.7%
The other temperature scale with absolute zeroRANKINE
14.3%
Person from Hermosillo, MexicoSONORAN
13.8%

You're not logged in!

Compare scores with friends on all Sporcle quizzes.
OR
Log In

You Might Also Like...

Show Comments

Extras

Top Quizzes Today


Score Distribution

Your Account Isn't Verified!

In order to create a playlist on Sporcle, you need to verify the email address you used during registration. Go to your Sporcle Settings to finish the process.

Report this User

Report this user for behavior that violates our Community Guidelines.

Details: